HEALTH PSYCHOLOGY (Record no. 13069)
[ view plain ]
| 000 -LEADER | |
|---|---|
| fixed length control field | 00215 a2200097 4500 |
| 020 ## - INTERNATIONAL STANDARD BOOK NUMBER | |
| International Standard Book Number | 9789353164799 |
| 100 ## - MAIN ENTRY--PERSONAL NAME | |
| Personal name | SHELLEY E. TAYLOR |
| 245 ## - TITLE STATEMENT | |
| Title | HEALTH PSYCHOLOGY |
| 250 ## - EDITION STATEMENT | |
| Edition statement | 10TH ED |
| 260 ## - PUBLICATION, DISTRIBUTION, ETC. | |
| Name of publisher, distributor, etc. | McGRAWHILL EDUCATION |
| Withdrawn status | Lost status | Source of classification or shelving scheme | Damaged status | Not for loan | Permanent Location | Current Location | Date acquired | Source of acquisition | Cost, normal purchase price | Full call number | Barcode | Date last seen | Cost, replacement price | Price effective from | Koha item type |
|---|---|---|---|---|---|---|---|---|---|---|---|---|---|---|---|
| BMS College of Architecture, Design and Planning | BMS College of Architecture, Design and Planning | 2025-02-06 | 1 | 562.50 | 613.010 | AR-UG4783 | 2025-02-06 | 750.00 | 2025-02-06 | B.PLAN |